| 000 | 004690000a22001810004500 | ||
|---|---|---|---|
| 003 | LK-CoMWRAF | ||
| 005 | 20230903114150.0 | ||
| 008 | 230817t1988 ||||| |||| 00| 0 eng d | ||
| 040 |
_aLK-CoMWRAF _dLK-CoMWRAF _eLK-CoMWRAF |
||
| 041 | _aeng | ||
| 082 |
_a954.93 _bZOY |
||
| 100 | _aZoysa, Lucien De | ||
| 245 | _aStories from the Mahavamsa | ||
| 260 |
_aSri Lanka : _bMarga publications _c1988 |
||
| 300 | _a107p | ||
| 650 | _aEnglish Fiction-Sri Lanka | ||
| 942 | _cBK | ||
| 999 |
_c1224 _d1224 |
||